000 00291nam a22001337a 4500
008 170505b xxu||||| |||| 00| 0 eng d
020 _a9780735576155
041 _aeng
080 _a34
100 _a15
101 _aSHJ
245 _aREGULATIONS OF LAWYERS
_cGILLERS, S
942 _2udc
_cBK
999 _c12743
_d12743